000 00450nam a2200145Ia 4500
003 OSt
005 20260129121353.0
008 211028s2018 xx 000 0 und d
040 _cAIMIT LIBRARY
041 _aeng
100 _aCastelino, Melwin Lancy; Dhananjaya K.
_g1616103
_97859
245 _aStudy on computer dealers attitudes towards maxsecure antivirus products in Mangalore /
260 _aMangalore
_bDhanajaya K.
_c2018
942 _2ddc
_cPRO
999 _c219427
_d219427